Regioni italiane con meno lettere - Statistics

Statistiche generali
  • Questo quiz è stato fatto 48 volte
  • Il punteggio medio è 9 su 10
Statistiche sulle risposte
Lunghezza in lettere Regione % Corretto
6 Marche
98%
6 Puglia
98%
7 Abruzzo
95%
7 Liguria
95%
6 Molise
95%
7 Sicilia
95%
6 Umbria
95%
5 Lazio
93%
6 Veneto
86%
7 Toscana
84%
Nessun quiz corrispondente trovato
Distribuzione punteggi
Percentuale di utenti per punteggio
Percentile per numero di risposta
I tuoi punteggi nel tempo
Non hai fatto questo quiz